La multiplication des pasteurs: Ballades et Balades
| Auteur principal: | |
|---|---|
| Type de support: | Électronique Article |
| Langue: | Français |
| Vérifier la disponibilité: | HBZ Gateway |
| Interlibrary Loan: | Interlibrary Loan for the Fachinformationsdienste (Specialized Information Services in Germany) |
| Publié: |
[2018]
|
| Dans: |
Foi & vie
Année: 2018, Volume: 118, Numéro: 2, Pages: 65-67 |
| RelBib Classification: | KAJ Époque contemporaine KBC Suisse KBG France KDD Église protestante |
| Sujets non-standardisés: | B
Wit and humor
Religious aspects
Christianity
B Clergy families B Clergy Intellectual life B Leplay, Michel B Family life, Christian |
MARC
| LEADER | 00000caa a2200000 c 4500 | ||
|---|---|---|---|
| 001 | 1580798381 | ||
| 003 | DE-627 | ||
| 005 | 20200512154006.0 | ||
| 007 | cr uuu---uuuuu | ||
| 008 | 180910s2018 xx |||||o 00| ||fre c | ||
| 035 | |a (DE-627)1580798381 | ||
| 035 | |a (DE-576)510798381 | ||
| 035 | |a (DE-599)BSZ510798381 | ||
| 040 | |a DE-627 |b ger |c DE-627 |e rda | ||
| 041 | |a fre | ||
| 084 | |a 1 |a 0 |2 ssgn | ||
| 100 | 1 | |a Rumpf, Olivier |e VerfasserIn |4 aut | |
| 245 | 1 | 3 | |a La multiplication des pasteurs |b Ballades et Balades |c Olivier Rumpf |
| 264 | 1 | |c [2018] | |
| 336 | |a Text |b txt |2 rdacontent | ||
| 337 | |a Computermedien |b c |2 rdamedia | ||
| 338 | |a Online-Ressource |b cr |2 rdacarrier | ||
| 601 | |a Multiple | ||
| 650 | 4 | |a Clergy families | |
| 650 | 4 | |a Clergy |x Intellectual life | |
| 650 | 4 | |a Family life, Christian | |
| 650 | 4 | |a Leplay, Michel | |
| 650 | 4 | |a Wit and humor |x Religious aspects |x Christianity | |
| 652 | |a KAJ:KBC:KBG:KDD | ||
| 773 | 0 | 8 | |i Enthalten in |t Foi & vie |d Paris : [Verlag nicht ermittelbar], 1900 |g 118(2018), 2, Seite 65-67 |h Online-Ressource |w (DE-627)847638138 |w (DE-600)2846911-2 |w (DE-576)455507414 |7 nnas |
| 773 | 1 | 8 | |g volume:118 |g year:2018 |g number:2 |g pages:65-67 |
| 951 | |a AR | ||
| ELC | |a 1 | ||
| LOK | |0 000 xxxxxcx a22 zn 4500 | ||
| LOK | |0 001 302506112X | ||
| LOK | |0 003 DE-627 | ||
| LOK | |0 004 1580798381 | ||
| LOK | |0 005 20180911135954 | ||
| LOK | |0 008 180910||||||||||||||||ger||||||| | ||
| LOK | |0 040 |a DE-Tue135 |c DE-627 |d DE-Tue135 | ||
| LOK | |0 092 |o n | ||
| LOK | |0 852 |a DE-Tue135 | ||
| LOK | |0 852 1 |9 00 | ||
| LOK | |0 935 |a ixzs |a ixzo | ||
| LOK | |0 936ln |0 1442044748 |a KBC | ||
| LOK | |0 936ln |0 1442044985 |a KBG | ||
| LOK | |0 936ln |0 1442050047 |a KDD | ||
| LOK | |0 936ln |0 1442044640 |a KAJ | ||
| LOK | |0 939 |a 10-09-18 |b l01 | ||
| ORI | |a SA-MARC-ixtheoa001.raw | ||
| REL | |a 1 | ||
| SUB | |a REL | ||



